[Event "17th EUR-ch"]
[Site "Gjakova KOS"]
[Date "2016.05.14"]
[Round "3.42"]
[White "Anton Guijarro, David"]
[Black "Firat, Burak"]
[Result "1-0"]
[WhiteElo "2616"]
[BlackElo "2461"]
[EventDate "2016.05.12"]
[PlyCount "123"]

1.d4 d5 2.c4 c6 3.Nf3 Nf6 4.Nc3 dxc4 5.a4 Bf5 6.e3 e6 7.Bxc4 Bb4 8.O-O 
Nbd7 9.Nh4 Bg4 10.f3 Bh5 11.g4 Nd5 12.Ng2 Bg6 13.Ne2 Qa5 14.Bxd5 cxd5 15.
Nef4 Rc8 16.Rf2 Qc7 17.Bd2 Bc2 18.Qe1 Bxd2 19.Qxd2 Qb8 20.Rff1 O-O 21.Rfc1
Bb3 22.Qb4 Bc4 23.b3 Ba6 24.Qa3 Rc6 25.Rxc6 bxc6 26.Qe7 Qc7 27.Rc1 Rc8 28.
h4 Nb8 29.Qxc7 Rxc7 30.Kf2 Kf8 31.Ne1 Ke7 32.Ned3 Bxd3 33.Nxd3 Rb7 34.Rc3 
Kd6 35.e4 Nd7 36.e5+ Kc7 37.b4 a5 38.b5 Nb8 39.Nc5 Ra7 40.Rb3 Nd7 41.Nxd7 
Kxd7 42.bxc6+ Kxc6 43.Rb5 Rb7 44.Rxa5 Rb2+ 45.Kg3 Kb7 46.Rc5 Rb4 47.a5 
Rxd4 48.a6+ Kb6 49.Rc8 Rc4 50.Rg8 g6 51.Rg7 Rc7 52.Rxh7 d4 53.h5 gxh5 54.
gxh5 Kxa6 55.h6 d3 56.Kf2 Rc2+ 57.Ke3 Re2+ 58.Kxd3 Rxe5 59.Rxf7 Kb5 60.h7 
Rh5 61.Ke4 Kc5 62.Kf4 1-0

[Event "17th EUR-ch"]
[Site "Gjakova KOS"]
[Date "2016.05.14"]
[Round "3.43"]
[White "Pantsulaia, Levan"]
[Black "Schachinger, Mario"]
[Result "1-0"]
[WhiteElo "2613"]
[BlackElo "2443"]
[EventDate "2016.05.12"]
[PlyCount "63"]

1.Nf3 Nf6 2.g3 g6 3.b3 Bg7 4.Bb2 O-O 5.Bg2 d6 6.d4 c5 7.O-O cxd4 8.Nxd4 d5
9.c4 dxc4 10.bxc4 Qb6 11.Qb3 Nfd7 12.e3 Na6 13.Nc3 Nac5 14.Qc2 Nf6 15.Ba3 
Bd7 16.Rab1 Qc7 17.Nd5 Nxd5 18.cxd5 b6 19.Nc6 Bxc6 20.dxc6 Ne6 21.Rfd1 
Rfd8 22.Qc4 Rxd1+ 23.Rxd1 Rd8 24.Rxd8+ Qxd8 25.Bd5 Nc7 26.Bxf7+ Kh8 27.Qg4
e6 28.Bxe6 Nb5 29.Bb4 a5 30.Be1 Qd6 31.Bc4 Na3 32.Qc8+ 1-0

[Event "17th EUR-ch"]
[Site "Gjakova KOS"]
[Date "2016.05.14"]
[Round "3.44"]
[White "Saraci, Nderim"]
[Black "Pashikian, Arman"]
[Result "1/2-1/2"]
[WhiteElo "2275"]
[BlackElo "2612"]
[EventDate "2016.05.12"]
[PlyCount "76"]

1.e4 e5 2.Nf3 Nc6 3.Bb5 a6 4.Ba4 Nf6 5.O-O Be7 6.Re1 b5 7.Bb3 d6 8.c3 O-O 
9.h3 Na5 10.Bc2 c5 11.d4 Nd7 12.dxe5 dxe5 13.Nbd2 Bb7 14.Nf1 Nc4 15.Ne3 
Nxe3 16.Bxe3 c4 17.a4 Qc7 18.Qe2 Nc5 19.Bxc5 Qxc5 20.Nd2 Rfd8 21.Red1 g6 
22.Nf1 b4 23.cxb4 Qxb4 24.Ne3 Rac8 25.a5 Rxd1+ 26.Qxd1 Rd8 27.Qe1 Rd4 28.
Qxb4 Bxb4 29.Ra4 Bd2 30.Rxc4 Bxe3 31.Rc7 Bxf2+ 32.Kxf2 Bxe4 33.Bxe4 Rxe4 
34.Rc6 Rb4 35.Rb6 Ra4 36.b4 Kg7 37.Ke3 f5 38.Kd3 e4+ 1/2-1/2

[Event "17th EUR-ch"]
[Site "Gjakova KOS"]
[Date "2016.05.14"]
[Round "3.45"]
[White "Cheparinov, Ivan"]
[Black "Sanal, Vahap"]
[Result "1-0"]
[WhiteElo "2685"]
[BlackElo "2465"]
[EventDate "2016.05.12"]
[PlyCount "51"]

1.d4 Nf6 2.c4 e6 3.Nf3 b6 4.g3 Bb7 5.Bg2 Be7 6.O-O O-O 7.Nc3 Ne4 8.Bd2 Bf6
9.Rc1 Nxd2 10.Qxd2 c5 11.dxc5 bxc5 12.Rfd1 Qb6 13.b3 Rd8 14.Qf4 Na6 15.Rd6
Qa5 16.Ne5 Bxg2 17.Kxg2 Nc7 18.Ne4 Bxe5 19.Qxe5 Qxa2 20.Rcd1 Ne8 21.Rxd7 
Rxd7 22.Rxd7 Qxe2 23.Nf6+ Nxf6 24.Rxa7 Qe4+ 25.Qxe4 Rxa7 26.Qc6 1-0

[Event "17th EUR-ch"]
[Site "Gjakova KOS"]
[Date "2016.05.14"]
[Round "3.46"]
[White "Kryvoruchko, Yuriy"]
[Black "Ermeni, Avni"]
[Result "1-0"]
[WhiteElo "2691"]
[BlackElo "2280"]
[EventDate "2016.05.12"]
[PlyCount "65"]

1.e4 e5 2.Nf3 Nc6 3.Bb5 a6 4.Ba4 Nf6 5.O-O Nxe4 6.d4 b5 7.Bb3 d5 8.dxe5 
Be6 9.c3 Be7 10.Be3 Nc5 11.Bc2 Bg4 12.Nbd2 Ne6 13.Qb1 Bh5 14.b4 Kf8 15.a4 
Bg6 16.Nb3 Qe8 17.Bxg6 hxg6 18.axb5 axb5 19.Rxa8 Qxa8 20.Qd3 d4 21.Bxd4 g5
22.Qe4 Qe8 23.Be3 Qd7 24.Nbd4 Ncxd4 25.cxd4 g4 26.Qxg4 Qd5 27.Rc1 Bxb4 28.
Ng5 c6 29.Nxe6+ fxe6 30.Ra1 Be7 31.Ra8+ Bd8 32.Bg5 Kf7 33.Ra7+ 1-0

[Event "17th EUR-ch"]
[Site "Gjakova KOS"]
[Date "2016.05.14"]
[Round "3.47"]
[White "Moiseenko, Olexandr"]
[Black "Gavrilescu, David"]
[Result "1-0"]
[WhiteElo "2663"]
[BlackElo "2271"]
[EventDate "2016.05.12"]
[PlyCount "71"]

1.d4 e6 2.c4 c5 3.d5 exd5 4.cxd5 d6 5.Nc3 a6 6.e4 Ne7 7.Nf3 Ng6 8.h4 h5 9.
Ng5 Be7 10.g3 Nd7 11.Be2 Nf6 12.a4 Bg4 13.f3 Bd7 14.Kf1 Qc8 15.Kg2 Rb8 16.
a5 Bd8 17.Bd2 O-O 18.Qc2 Re8 19.Rhe1 b5 20.axb6 Rxb6 21.Nd1 Bb5 22.Ne3 Ne5
23.Bc3 Qb7 24.Ra2 Qd7 25.Rea1 Rb7 26.Bxb5 axb5 27.Ra8 g6 28.b3 Nh7 29.Nxh7
Kxh7 30.R1a6 Bc7 31.f4 Ng4 32.Nxg4 hxg4 33.h5 Rxa8 34.Rxa8 Bb8 35.hxg6+ 
fxg6 36.Ra1 1-0

[Event "17th EUR-ch"]
[Site "Gjakova KOS"]
[Date "2016.05.14"]
[Round "3.49"]
[White "Lind, Jan-Olov"]
[Black "Swiercz, Dariusz"]
[Result "0-1"]
[WhiteElo "2240"]
[BlackElo "2656"]
[EventDate "2016.05.12"]
[PlyCount "58"]

1.e4 c5 2.Nf3 d6 3.d4 cxd4 4.Nxd4 Nf6 5.Nc3 a6 6.Bc4 e6 7.Bb3 Nbd7 8.Qe2 
Nc5 9.g4 d5 10.e5 Nfe4 11.Nxe4 dxe4 12.Be3 Qc7 13.f4 exf3 14.Qxf3 Be7 15.
O-O-O O-O 16.Qg3 b5 17.Rhg1 Bb7 18.g5 Rac8 19.Kb1 Be4 20.Rd2 Qb7 21.h4 g6 
22.h5 a5 23.hxg6 Bxg6 24.Qh3 a4 25.Bxe6 fxe6 26.Nxe6 Rf3 27.Nxc5 Rxh3 28.
Nxb7 Rxe3 29.Nd6 Rc5 0-1

[Event "17th EUR-ch"]
[Site "Gjakova KOS"]
[Date "2016.05.14"]
[Round "3.50"]
[White "Gabuzian, Hovhannes"]
[Black "Tifferet, Shaked"]
[Result "1-0"]
[WhiteElo "2620"]
[BlackElo "2230"]
[EventDate "2016.05.12"]
[PlyCount "49"]

1.e4 c5 2.Nf3 d6 3.d4 cxd4 4.Nxd4 Nf6 5.Nc3 a6 6.Be3 e5 7.Nb3 Be6 8.Qd2 
Be7 9.O-O-O O-O 10.f4 Nbd7 11.f5 Bxb3 12.axb3 Ng4 13.Kb1 Nxe3 14.Qxe3 b5 
15.g4 h6 16.h4 Nb6 17.g5 hxg5 18.hxg5 Bxg5 19.Qh3 f6 20.Qh5 Qe8 21.Qh7+ 
Kf7 22.Rxd6 Nc8 23.Re6 Qd7 24.Qg6+ Kg8 25.Be2 1-0

[Event "17th EUR-ch"]
[Site "Gjakova KOS"]
[Date "2016.05.14"]
[Round "3.61"]
[White "Murati, Ramush"]
[Black "Sivuk, Vitaly"]
[Result "0-1"]
[WhiteElo "2067"]
[BlackElo "2532"]
[EventDate "2016.05.12"]
[PlyCount "88"]

1.e4 g6 2.d4 Bg7 3.Nf3 d6 4.Nc3 Nf6 5.h3 O-O 6.g4 c5 7.d5 e6 8.Be2 exd5 9.
exd5 Re8 10.Bg5 Qb6 11.Rb1 Nbd7 12.O-O a6 13.a4 Qc7 14.Re1 Nf8 15.Qd2 Ne4 
16.Nxe4 Rxe4 17.Bf1 Rxe1 18.Rxe1 Bd7 19.b3 Re8 20.Rxe8 Bxe8 21.c4 Qd7 22.
Be3 f6 23.Bh6 Bxh6 24.Qxh6 Qe7 25.Bd3 Nd7 26.Kg2 Bf7 27.h4 Be8 28.Qf4 Kg7 
29.g5 f5 30.h5 Ne5 31.h6+ Kf8 32.Bc2 b5 33.axb5 axb5 34.Kg3 Bd7 35.cxb5 
Bxb5 36.Bxf5 gxf5 37.Qxf5+ Kg8 38.Nh4 Bd7 39.Qf4 Qf7 40.Qe4 Qh5 41.Qf4 Ng6
42.Qf6 Qxh4+ 43.Kf3 Qg4+ 44.Ke3 Qd4+ 0-1

[Event "17th EUR-ch"]
[Site "Gjakova KOS"]
[Date "2016.05.14"]
[Round "3.62"]
[White "Esen, Baris"]
[Black "Agushi, Agim"]
[Result "1-0"]
[WhiteElo "2508"]
[BlackElo "2135"]
[EventDate "2016.05.12"]
[PlyCount "100"]

1.d4 d5 2.c4 c6 3.Nc3 Nf6 4.e3 e6 5.Nf3 Nbd7 6.Bd3 dxc4 7.Bxc4 b5 8.Bd3 
Bb7 9.a3 a6 10.b4 a5 11.Rb1 axb4 12.axb4 Nd5 13.Nxd5 exd5 14.O-O Bd6 15.
Qc2 Nf6 16.Ne5 Qc7 17.Bd2 O-O 18.f4 Ra4 19.Rfc1 Rc8 20.Be1 h6 21.Bh4 Ne4 
22.Bxe4 dxe4 23.Qxe4 c5 24.d5 c4 25.Be1 Re8 26.Bc3 Qe7 27.Qf3 f6 28.Ng4 
Bxb4 29.Bd4 Kh7 30.Qh3 Ra3 31.Qh5 Bc8 32.Nxh6 gxh6 33.Rxb4 Bd7 34.Rb2 Rg8 
35.h3 Qe4 36.Kh2 Rg7 37.Rd2 Bf5 38.Bc5 Ra8 39.Qf3 Qe8 40.d6 Be4 41.d7 Qe6 
42.Qh5 Rxd7 43.Bd4 Qd5 44.Qh4 Qe6 45.Rb2 Rd6 46.Rxb5 Ra2 47.Rg1 c3 48.Bxc3
Rd1 49.Qxf6 Qxf6 50.Bxf6 Rdd2 1-0

[Event "17th EUR-ch"]
[Site "Gjakova KOS"]
[Date "2016.05.14"]
[Round "3.63"]
[White "Deac, Bogdan-Daniel"]
[Black "Sahiti, Jahjush"]
[Result "1-0"]
[WhiteElo "2501"]
[BlackElo "2121"]
[EventDate "2016.05.12"]
[PlyCount "71"]

1.Nf3 Nf6 2.c4 g6 3.Nc3 Bg7 4.g3 O-O 5.Bg2 c6 6.d4 d5 7.Qb3 dxc4 8.Qxc4 
Nbd7 9.O-O Nb6 10.Qd3 Nbd5 11.Rd1 Nxc3 12.bxc3 Be6 13.Qc2 h6 14.Ne1 Bc4 
15.a4 Ba6 16.Nd3 Nd7 17.Nb4 Bc4 18.a5 a6 19.Nd3 Re8 20.Nb2 Be6 21.e4 Nf8 
22.Be3 Qc8 23.Na4 Nd7 24.Rab1 Bc4 25.Nb2 Ba2 26.Rbc1 Be6 27.c4 f5 28.d5 
cxd5 29.exd5 Bf7 30.c5 Nf8 31.Nc4 Qc7 32.d6 exd6 33.cxd6 Qxc4 34.Qxc4 Bxc4
35.Rxc4 Rad8 36.Bxb7 1-0

[Event "17th EUR-ch"]
[Site "Gjakova KOS"]
[Date "2016.05.14"]
[Round "3.64"]
[White "Nakar, Eylon"]
[Black "Tahiri, Daut"]
[Result "1-0"]
[WhiteElo "2498"]
[BlackElo "2112"]
[EventDate "2016.05.12"]
[PlyCount "37"]

1.e4 c5 2.Nf3 e6 3.d4 cxd4 4.Nxd4 Nc6 5.Nc3 Qc7 6.Be3 Nf6 7.Qf3 a6 8.O-O-O
Bb4 9.Nxc6 bxc6 10.Bd4 Bd6 11.Na4 Be7 12.Nb6 Rb8 13.Nc4 Rb5 14.e5 Nd5 15.
Nd6+ Bxd6 16.exd6 Qxd6 17.c4 Ra5 18.cxd5 cxd5 19.Qc3 1-0

[Event "17th EUR-ch"]
[Site "Gjakova KOS"]
[Date "2016.05.14"]
[Round "3.65"]
[White "Hana, Arsim"]
[Black "Gasanov, Eldar"]
[Result "0-1"]
[WhiteElo "2045"]
[BlackElo "2496"]
[EventDate "2016.05.12"]
[PlyCount "62"]

1.d4 d6 2.Nf3 g6 3.g3 Bg7 4.Bg2 f5 5.c3 Nf6 6.Qb3 e6 7.Nfd2 Nc6 8.e4 O-O 
9.exf5 gxf5 10.Nf3 Kh8 11.O-O e5 12.dxe5 dxe5 13.Na3 e4 14.Ng5 Qe7 15.Nc2 
b6 16.f4 h6 17.Nh3 Na5 18.Qa3 c5 19.Ne3 Be6 20.Nf2 Rad8 21.Re1 Qf7 22.b3 
Nd5 23.Nxd5 Rxd5 24.Qb2 Qf6 25.Re3 c4 26.Rb1 Rd7 27.b4 Nc6 28.Qe2 Ne7 29.
Nxe4 fxe4 30.Bxe4 Nd5 31.Bxd5 Bxd5 0-1

[Event "17th EUR-ch"]
[Site "Gjakova KOS"]
[Date "2016.05.14"]
[Round "3.66"]
[White "Godena, Michele"]
[Black "Xheladini, Fikri"]
[Result "1-0"]
[WhiteElo "2493"]
[BlackElo "2094"]
[EventDate "2016.05.12"]
[PlyCount "51"]

1.e4 e6 2.d4 d5 3.Nd2 a6 4.Ngf3 c5 5.exd5 Qxd5 6.Bc4 Qd8 7.dxc5 Bxc5 8.Qe2
Nf6 9.Ne4 Be7 10.O-O Nxe4 11.Qxe4 Bf6 12.Bf4 O-O 13.Rad1 Qb6 14.Ng5 g6 15.
Be3 Qc7 16.Qh4 h5 17.Be2 Kg7 18.g4 Qe7 19.gxh5 gxh5 20.Kh1 Rh8 21.Rg1 Kf8 
22.Nh7+ Rxh7 23.Qxf6 Nc6 24.Bh6+ Rxh6 25.Qxh6+ Ke8 26.Rg8+ 1-0

[Event "17th EUR-ch"]
[Site "Gjakova KOS"]
[Date "2016.05.14"]
[Round "3.67"]
[White "Ali Marandi, Cemil Can"]
[Black "Dushi, Burim"]
[Result "1-0"]
[WhiteElo "2476"]
[BlackElo "2080"]
[EventDate "2016.05.12"]
[PlyCount "45"]

1.e4 e6 2.d4 d5 3.Nd2 c5 4.exd5 Qxd5 5.Ngf3 Nc6 6.c4 Qd8 7.d5 exd5 8.cxd5 
Qxd5 9.Bc4 Qd8 10.O-O Be7 11.Qb3 Nh6 12.Ne4 Na5 13.Bb5+ Kf8 14.Qc3 Nf5 15.
Bd2 b6 16.Rad1 Be6 17.Bf4 Qc8 18.Neg5 Bxg5 19.Bxg5 Nc6 20.Bxc6 Qxc6 21.g4 
Bd5 22.Ne5 Nd4 23.Rxd4 1-0

[Event "17th EUR-ch"]
[Site "Gjakova KOS"]
[Date "2016.05.14"]
[Round "3.68"]
[White "Druska, Juraj"]
[Black "Mahmuti, Ajet"]
[Result "1-0"]
[WhiteElo "2466"]
[BlackElo "2056"]
[EventDate "2016.05.12"]
[PlyCount "113"]

1.e4 c5 2.Nf3 e6 3.d4 cxd4 4.Nxd4 Nf6 5.Nc3 d6 6.Bg5 Be7 7.Qd2 a6 8.a4 b6 
9.Bc4 Qc7 10.Bb3 Nc6 11.Nxc6 Qxc6 12.O-O Bb7 13.Rfe1 O-O 14.Rad1 Rad8 15.
Qe2 Qc5 16.Be3 Qc7 17.f3 Nd7 18.Bc4 Bf6 19.Bd4 Bxd4+ 20.Rxd4 Qc5 21.Rd1 b5
22.b4 Qa7 23.Kh1 bxc4 24.Rxd6 Bc8 25.Qxc4 Ne5 26.Qd4 Qxd4 27.R6xd4 Nc6 28.
Rc4 Rxd1+ 29.Nxd1 Bb7 30.Kg1 Rd8 31.Ne3 Rd4 32.b5 Rxc4 33.Nxc4 axb5 34.
axb5 Nd8 35.Nd6 Kf8 36.c4 Ke7 37.c5 e5 38.Nf5+ Kf6 39.c6 Bxc6 40.bxc6 Nxc6
41.Kf2 h5 42.Ke2 g6 43.Ne3 Kg5 44.Kd3 h4 45.Nd5 f5 46.Ke3 Nd8 47.Nb6 Ne6 
48.Nd5 Ng7 49.Nb6 Ne6 50.Nd5 Nf4 51.Kf2 Nd3+ 52.Ke2 Nf4+ 53.Kf1 Nd3 54.g3 
fxe4 55.fxe4 hxg3 56.hxg3 Kg4 57.Kg2 1-0

[Event "17th EUR-ch"]
[Site "Gjakova KOS"]
[Date "2016.05.14"]
[Round "3.69"]
[White "Kjartansson, Gudmundur"]
[Black "Pangjaj, Xhemajl"]
[Result "1-0"]
[WhiteElo "2457"]
[BlackElo "2045"]
[EventDate "2016.05.12"]
[PlyCount "53"]

1.c4 c5 2.g3 g6 3.Bg2 Bg7 4.Nf3 Nf6 5.Nc3 Nc6 6.d4 cxd4 7.Nxd4 O-O 8.O-O 
a6 9.c5 Ne8 10.Bxc6 Bxd4 11.Qxd4 bxc6 12.Bh6 Nf6 13.Bxf8 Qxf8 14.e4 Rb8 
15.b4 Qh6 16.e5 Nh5 17.a4 Ng7 18.Rab1 Ne6 19.Qd3 Qh3 20.f4 Ng7 21.Ne4 h6 
22.Qc4 Nf5 23.Nf2 Qh5 24.g4 Ne3 25.Qe2 Nxg4 26.Qxg4 Qxg4+ 27.Nxg4 1-0

[Event "17th EUR-ch"]
[Site "Gjakova KOS"]
[Date "2016.05.14"]
[Round "3.70"]
[White "Henseler, Jorgen"]
[Black "Basso, Pier Luigi"]
[Result "0-1"]
[WhiteElo "2041"]
[BlackElo "2454"]
[EventDate "2016.05.12"]
[PlyCount "106"]

1.c4 c6 2.Nf3 d5 3.g3 Bg4 4.Bg2 e6 5.O-O Nd7 6.b3 Ngf6 7.d4 Bd6 8.Bb2 O-O 
9.Nbd2 Qe7 10.Ne5 Bf5 11.Ndf3 Be4 12.Qd2 Ne8 13.Qe3 f6 14.Nxd7 Qxd7 15.Bh3
Nc7 16.Rac1 Qf7 17.Nd2 Bg6 18.Nf3 h6 19.cxd5 exd5 20.Nh4 Rfe8 21.Qd2 Bh7 
22.Bf5 Bxf5 23.Nxf5 Qe6 24.Qd3 Bf8 25.Rc2 a5 26.Bc1 Qe4 27.Rd1 Qxd3 28.
Rxd3 a4 29.Kf1 axb3 30.Rxb3 Nb5 31.Rd3 Ra4 32.e3 Rea8 33.Ke1 Rxa2 34.Kd1 
g6 35.Nh4 Kf7 36.Nf3 Nd6 37.Nd2 Rxc2 38.Kxc2 Nc4 39.Rb3 b5 40.Nb1 Ra2+ 41.
Bb2 Rxb2+ 42.Rxb2 Nxb2 43.Kxb2 Bb4 44.Kc2 Ke6 45.f3 Kd6 46.Kb3 c5 47.g4 f5
48.h3 h5 49.dxc5+ Kxc5 50.g5 h4 51.f4 Be1 52.Na3 b4 53.Nc2 Bc3 0-1

[Event "17th EUR-ch"]
[Site "Gjakova KOS"]
[Date "2016.05.14"]
[Round "3.71"]
[White "Draskovic, Luka"]
[Black "Qorrolli, Fehim"]
[Result "1-0"]
[WhiteElo "2454"]
[BlackElo "2037"]
[EventDate "2016.05.12"]
[PlyCount "66"]

1.e4 e6 2.d4 d5 3.Nd2 dxe4 4.Nxe4 Nd7 5.g3 Ngf6 6.Bg2 Bd6 7.Nxf6+ Nxf6 8.
Nf3 O-O 9.O-O c5 10.c4 cxd4 11.Qxd4 Be7 12.Be3 Qc7 13.Bf4 Qc5 14.Rad1 Qxd4
15.Nxd4 a6 16.Nb3 a5 17.Bd6 Bxd6 18.Rxd6 e5 19.Nc5 Ra7 20.Re1 Re8 21.f4 e4
22.Nxe4 Kf8 23.Kf1 Be6 24.b3 Nxe4 25.Bxe4 g6 26.Bd5 Bh3+ 27.Kf2 Rxe1 28.
Kxe1 Ke7 29.Rb6 Bc8 30.Kd2 f6 31.Kc3 h6 32.Kd4 g5 33.fxg5 hxg5 1-0

[Event "17th EUR-ch"]
[Site "Gjakova KOS"]
[Date "2016.05.14"]
[Round "3.72"]
[White "Moroni, Luca jr"]
[Black "Haxhimehmeti, Vahedin"]
[Result "1-0"]
[WhiteElo "2438"]
[BlackElo "2015"]
[EventDate "2016.05.12"]
[PlyCount "54"]

1.d4 Nf6 2.Nf3 e6 3.c4 Bb4+ 4.Bd2 Be7 5.Nc3 d5 6.Bg5 Nbd7 7.Qc2 O-O 8.
O-O-O c6 9.e4 dxe4 10.Nxe4 b5 11.Bd3 bxc4 12.Qxc4 Nb6 13.Qc2 Qd5 14.Nc3 
Qa5 15.Bxf6 gxf6 16.Bxh7+ Kg7 17.Be4 Rb8 18.Nd2 Nd5 19.Nb3 Qb4 20.Rd3 Rd8 
21.Rhd1 a5 22.Rg3+ Kf8 23.Bxd5 cxd5 24.Qh7 Ke8 25.Rg8+ Bf8 26.Qh6 Ke7 27.
Rxf8 Rxf8 1-0

[Event "17th EUR-ch"]
[Site "Gjakova KOS"]
[Date "2016.05.14"]
[Round "3.73"]
[White "Prokshaj, Imer"]
[Black "Agopov, Mikael"]
[Result "1/2-1/2"]
[WhiteElo "2031"]
[BlackElo "2442"]
[EventDate "2016.05.12"]
[PlyCount "70"]

1.e4 c5 2.Nf3 d6 3.d4 cxd4 4.Nxd4 Nf6 5.Nc3 a6 6.f3 e6 7.Be3 b5 8.a3 Nbd7 
9.Bd3 Bb7 10.O-O Be7 11.Qd2 O-O 12.Nde2 Ne5 13.Rfd1 Qc7 14.h3 Rac8 15.Kh1 
Rfd8 16.Qe1 Nxd3 17.cxd3 d5 18.Qf2 Qb8 19.b4 e5 20.Ba7 Qa8 21.Bb6 Re8 22.
exd5 Nxd5 23.Nxd5 Bxd5 24.Rac1 Bb3 25.Rxc8 Rxc8 26.Rc1 Rxc1+ 27.Nxc1 Be6 
28.Qe3 Qd5 29.d4 Bf6 30.Ne2 exd4 31.Bxd4 Bg5 32.f4 Bd8 33.Nc3 Qc6 34.Qe4 
Qd7 35.Qe3 f5 1/2-1/2

[Event "17th EUR-ch"]
[Site "Gjakova KOS"]
[Date "2016.05.14"]
[Round "3.74"]
[White "Selimi, Vesel"]
[Black "Erdogdu, Mert"]
[Result "0-1"]
[WhiteElo "2002"]
[BlackElo "2439"]
[EventDate "2016.05.12"]
[PlyCount "44"]

1.d4 Nf6 2.c4 g6 3.Nc3 Bg7 4.e4 d6 5.Nf3 O-O 6.Bd3 Bg4 7.h3 Bxf3 8.Qxf3 
Nc6 9.Be3 Nd7 10.Ne2 Nde5 11.dxe5 Nxe5 12.Qg3 Nxd3+ 13.Kf1 c5 14.Bd4 Bxd4 
15.Qxd3 Bxb2 16.Rb1 Bf6 17.Rxb7 Rb8 18.Rb3 Qa5 19.Qc2 Rxb3 20.axb3 Rb8 21.
g3 Qa3 22.Kg2 Qxb3 0-1

[Event "17th EUR-ch"]
[Site "Gjakova KOS"]
[Date "2016.05.14"]
[Round "3.75"]
[White "Korchmar, Vasiliy"]
[Black "Dogan, Mire Deniz"]
[Result "1-0"]
[WhiteElo "2437"]
[BlackElo "1989"]
[EventDate "2016.05.12"]
[PlyCount "55"]

1.d4 Nf6 2.c4 e6 3.g3 d5 4.Bg2 dxc4 5.Nf3 Nc6 6.Qa4 Bb4+ 7.Bd2 Bd6 8.Ne5 
Bxe5 9.dxe5 Nd7 10.f4 O-O 11.Qxc4 Nb6 12.Qc1 Qe7 13.Be3 Qb4+ 14.Bd2 Qe7 
15.O-O Nd4 16.Rf2 Rd8 17.Be3 Rb8 18.Nd2 Na8 19.Nb3 c5 20.Nxc5 b6 21.Bxd4 
Rxd4 22.Ne4 Bb7 23.Nd6 Bxg2 24.Kxg2 Nc7 25.e3 Rd5 26.Rc2 Ne8 27.Rc8 Rc5 
28.Rxb8 1-0

[Event "17th EUR-ch"]
[Site "Gjakova KOS"]
[Date "2016.05.14"]
[Round "3.76"]
[White "Zenuni, Albert"]
[Black "Getz, Nicolai"]
[Result "0-1"]
[WhiteElo "1963"]
[BlackElo "2431"]
[EventDate "2016.05.12"]
[PlyCount "95"]

1.c4 Nf6 2.Nc3 e6 3.d4 Bb4 4.Bg5 h6 5.Bh4 O-O 6.e3 d6 7.Nf3 b6 8.Be2 Bb7 
9.O-O Bxc3 10.bxc3 g5 11.Bg3 Ne4 12.Qd3 Nd7 13.Nd2 f5 14.Nxe4 Bxe4 15.Qd2 
Bb7 16.f4 Nf6 17.Bd3 Ne4 18.Qb2 Qe8 19.Bxe4 Bxe4 20.c5 g4 21.cxd6 cxd6 22.
Qd2 Qa4 23.Qb2 Rac8 24.Rfc1 Rc4 25.Be1 Kg7 26.Qf2 Rf7 27.a3 Qc6 28.Ra2 Ra4
29.Rca1 Kh7 30.Rb2 Rc4 31.Rb4 Rxc3 32.Bxc3 Qxc3 33.Qe1 Qc2 34.Qf2 Rc7 35.
Rb2 Qc4 36.Qd2 Kg6 37.a4 Qa6 38.a5 Rc4 39.Rba2 Qc8 40.axb6 axb6 41.Kf2 Qc6
42.Ke1 Rc3 43.Kf1 b5 44.h3 b4 45.hxg4 fxg4 46.d5 Bxd5 47.Qd1 Kh5 48.Ra5 
0-1

[Event "17th EUR-ch"]
[Site "Gjakova KOS"]
[Date "2016.05.14"]
[Round "3.77"]
[White "Codenotti, Marco"]
[Black "Masha, Rexhep"]
[Result "1-0"]
[WhiteElo "2428"]
[BlackElo "1908"]
[EventDate "2016.05.12"]
[PlyCount "69"]

1.e4 e6 2.d4 d5 3.Nd2 dxe4 4.Nxe4 Nd7 5.Nf3 Be7 6.Be3 a6 7.Bd3 Ngf6 8.
Nxf6+ Nxf6 9.Qe2 O-O 10.O-O-O b5 11.Ne5 Bb7 12.Rhg1 Bd5 13.Kb1 c6 14.g4 
Qa5 15.c4 bxc4 16.Nxc4 Bxc4 17.Bxc4 Rfb8 18.Bd2 Bb4 19.Bc1 Nd5 20.h4 Be7 
21.Ka1 Rb7 22.g5 Rab8 23.Qc2 Ba3 24.b3 Bxc1 25.Rxc1 Ne7 26.h5 Qb6 27.Rcd1 
Rd8 28.g6 hxg6 29.hxg6 Rxd4 30.gxf7+ Kxf7 31.Rde1 Rd6 32.Rg4 g6 33.Rf4+ 
Nf5 34.Bxe6+ Rxe6 35.Rxf5+ 1-0

[Event "17th EUR-ch"]
[Site "Gjakova KOS"]
[Date "2016.05.14"]
[Round "3.87"]
[White "Kanmazalp, Ogulcan"]
[Black "Shabanaj, Eglantina"]
[Result "1-0"]
[WhiteElo "2442"]
[BlackElo "1945"]
[EventDate "2016.05.12"]
[PlyCount "71"]

1.e4 e5 2.Nf3 Nc6 3.Bb5 Nf6 4.d3 d6 5.c3 Be7 6.Nbd2 O-O 7.O-O a6 8.Ba4 b5 
9.Bc2 Bg4 10.h3 Bh5 11.Re1 Re8 12.Nf1 Qd7 13.Ng3 Bxf3 14.Qxf3 Nd8 15.d4 c5
16.d5 Rc8 17.Nf5 Nb7 18.Qg3 g6 19.Nh6+ Kg7 20.Bd1 Rc7 21.Nf5+ Kh8 22.Nxe7 
Qxe7 23.Bg5 c4 24.Qh4 Kg7 25.Re3 Nc5 26.Bc2 Rh8 27.Qh6+ Kg8 28.Rf3 Ncd7 
29.a4 b4 30.cxb4 Rb7 31.b5 a5 32.Raa3 Qf8 33.Qxf8+ Kxf8 34.Bxf6 Rg8 35.
Rac3 Nb6 36.Bd8 1-0

[Event "17th EUR-ch"]
[Site "Gjakova KOS"]
[Date "2016.05.15"]
[Round "4.1"]
[White "Wojtaszek, Radoslaw"]
[Black "Ipatov, Alexander"]
[Result "1-0"]
[WhiteElo "2722"]
[BlackElo "2648"]
[EventDate "2016.05.12"]
[PlyCount "147"]

1.Nf3 Nf6 2.c4 b6 3.d4 Bb7 4.g3 g6 5.Nc3 Bg7 6.d5 O-O 7.Bg2 Na6 8.O-O Nc5 
9.Nd4 e5 10.Nc2 a5 11.b3 d6 12.Rb1 Bc8 13.e4 Bg4 14.f3 Bd7 15.Bg5 Qe8 16.
Na3 Nh5 17.Nab5 Rc8 18.a3 f5 19.b4 Nb7 20.Bd2 f4 21.g4 Nf6 22.Na7 Ra8 23.
Ncb5 Qe7 24.Bc3 Bxb5 25.Nxb5 g5 26.Rf2 h5 27.h3 Qd7 28.Be1 Rf7 29.Bf1 Bf8 
30.Rbb2 Rh7 31.Rh2 hxg4 32.hxg4 Rxh2 33.Rxh2 Kg7 34.Bd3 axb4 35.axb4 Nd8 
36.Qb1 c5 37.dxc6 Nxc6 38.Bc3 Qc8 39.Qb2 Nd8 40.Rd2 Nf7 41.Be2 Be7 42.Rd1 
Ne8 43.Be1 Nc7 44.Bf2 Nxb5 45.cxb5 Qe6 46.Bf1 Bd8 47.Rc1 Qd7 48.Bc4 Rc8 
49.Qd2 d5 50.Bxd5 Rxc1+ 51.Qxc1 Qxb5 52.Qc8 Qe8 53.Kg2 Qe7 54.Qc6 Nh8 55.
Bxb6 Bxb6 56.Qxb6 Ng6 57.Be6 Qf8 58.Bf5 Nh4+ 59.Kf2 Qe7 60.Qc5 Kf6 61.Qc6+
Kf7 62.Qb6 Kg7 63.Be6 Qf8 64.Bd5 Qc8 65.Bc6 Qg8 66.Qc7+ Qf7 67.Qxe5+ Kh7 
68.Bb5 Qa7+ 69.Qc5 Qa3 70.Be2 Ng6 71.e5 Qa1 72.Bd3 Kh6 73.Qd6 Qb2+ 74.Kf1 
1-0

[Event "17th EUR-ch"]
[Site "Gjakova KOS"]
[Date "2016.05.15"]
[Round "4.3"]
[White "Inarkiev, Ernesto"]
[Black "Andriasian, Zaven"]
[Result "1-0"]
[WhiteElo "2686"]
[BlackElo "2602"]
[EventDate "2016.05.12"]
[PlyCount "95"]

1.e4 c5 2.Nf3 d6 3.d4 cxd4 4.Nxd4 Nf6 5.Nc3 a6 6.Be3 e5 7.Nb3 Be7 8.f3 Be6
9.Qd2 O-O 10.O-O-O a5 11.a4 Nc6 12.g4 Nb4 13.Kb1 Rc8 14.g5 Nh5 15.Rg1 f5 
16.gxf6 Rxf6 17.Bg5 Rxf3 18.Bxe7 Qxe7 19.Qxd6 Qxd6 20.Rxd6 Nf4 21.Nxa5 Rf2
22.Nxb7 Rxc2 23.a5 Rxh2 24.a6 Bb3 25.a7 Ne6 26.Rb6 Bc2+ 27.Kc1 Ra8 28.Nd6 
h5 29.Rxb4 Rxa7 30.Rg2 Rh1 31.Kxc2 Rxf1 32.Nf5 Nf4 33.Rg5 Rf2+ 34.Kb3 g6 
35.Rb6 Kh7 36.Nh4 Rg7 37.Nd5 Nd3 38.Rbxg6 Nc5+ 39.Ka3 Rxg6 40.Rxg6 Nxe4 
41.Re6 Nd2 42.b4 Rf1 43.Ka4 e4 44.Nf6+ Kg7 45.Nxe4 Nc4 46.Kb3 Ne3 47.Nd2 
Nf5 48.Rg6+ 1-0

[Event "17th EUR-ch"]
[Site "Gjakova KOS"]
[Date "2016.05.15"]
[Round "4.4"]
[White "Jobava, Baadur"]
[Black "Parligras, Mircea-Emilian"]
[Result "1-0"]
[WhiteElo "2661"]
[BlackElo "2599"]
[EventDate "2016.05.12"]
[PlyCount "79"]

1.d4 Nf6 2.c4 e6 3.Nc3 Bb4 4.e3 O-O 5.Bd3 d5 6.cxd5 exd5 7.Ne2 Re8 8.Bd2 
Bd6 9.Rc1 a6 10.O-O Nc6 11.f3 Nb4 12.Bb1 c5 13.Kh1 Nc6 14.Be1 cxd4 15.exd4
Nh5 16.Qd2 Be6 17.g4 Nf6 18.Bh4 Be7 19.Nf4 Nd7 20.Bxe7 Nxe7 21.Rce1 Nf8 
22.Nh5 Nc6 23.Ne2 f6 24.Neg3 Rc8 25.h4 Rc7 26.Nf4 Rce7 27.h5 Bf7 28.Rd1 
Qa5 29.Nf5 Rd7 30.Qf2 Qc7 31.Nd3 Be6 32.Rfe1 Rdd8 33.Rg1 Kh8 34.Qh4 Qf7 
35.Nf4 Bxf5 36.gxf5 h6 37.Rg2 Rd7 38.Rdg1 Nxd4 39.Ng6+ Nxg6 40.hxg6 1-0

[Event "17th EUR-ch"]
[Site "Gjakova KOS"]
[Date "2016.05.15"]
[Round "4.5"]
[White "Navara, David"]
[Black "Sturua, Zurab"]
[Result "1-0"]
[WhiteElo "2735"]
[BlackElo "2548"]
[EventDate "2016.05.12"]
[PlyCount "67"]

1.d4 Nf6 2.c4 e6 3.Nc3 Bb4 4.e3 O-O 5.Bd3 d5 6.cxd5 exd5 7.Ne2 b6 8.a3 
Bxc3+ 9.bxc3 c5 10.O-O Ba6 11.f3 Re8 12.Ng3 Bxd3 13.Qxd3 Nc6 14.Bb2 h5 15.
e4 h4 16.Nf5 g6 17.Nxh4 dxe4 18.fxe4 Nxe4 19.Rf4 Qe7 20.Nxg6 Qg5 21.Rxe4 
Rxe4 22.Qxe4 Qxg6 23.Qe2 Rd8 24.Rf1 cxd4 25.cxd4 Qe6 26.Qf2 Rd5 27.Re1 Qf5
28.Re8+ Kh7 29.Qh4+ Qh5 30.Qf6 Qd1+ 31.Kf2 Qc2+ 32.Ke3 Qb3+ 33.Kf4 Rd8 34.
Re3 1-0